| 000 | 00586nam a2200193Ia 4500 | ||
|---|---|---|---|
| 008 | 131103s9999 xx 000 0 und d | ||
| 040 | _aLoreto College | ||
| 041 | _aEnglish | ||
| 082 |
_a372.21/HEA _bLCBED/1565 |
||
| 245 |
_aFoster and headley's education in the kindergarten _cNeith E Headley |
||
| 250 | _a3rd ed. | ||
| 260 |
_aNew York _bAmerican Book _c1959 |
||
| 300 |
_axii,499p. _b ill.,photos _c 22cm. |
||
| 504 | _aIncludes bibliographical references & index | ||
| 650 | _aElementary edcation | ||
| 700 | _aHeadley, Neith E. | ||
| 850 | _aLCBED/372.21/HEA | ||
| 942 | _cBK | ||
| 999 |
_c27116 _d77595 |
||